| 000 | 00526nam a22001817a 4500 | ||
|---|---|---|---|
| 999 |
_c176937 _d176937 |
||
| 005 | 20210203105450.0 | ||
| 010 | _aENG-128936 | ||
| 020 |
_a978-93-90223-96-1 _c272.00 |
||
| 035 | _aEN-112468 | ||
| 037 | _bDBAD/PUB | ||
| 082 | _aN | ||
| 100 | _aKatti, Satyabodha | ||
| 245 |
_aThe Immortal Bystander/ _cSatyabodha Katti |
||
| 260 |
_aDelhi _bBlue Rose Publishers _c2020 |
||
| 270 |
_bDelhi _e110002 _a4233/1, Ansari Road, Darya Ganj _minfo@bluerosepublishers.com |
||
| 300 |
_a291p. _c20cm(pbk) |
||
| 942 |
_2ddc _cEN _hN _mKAT |
||